000 00274nam a22001217a 4500
008 170623b xxu||||| |||| 00| 0 eng d
041 _aeng
080 _a328
100 _a21
101 _aSHP
245 _aCORPORATE GOVERNMENT DEVIANCE
_cERMANN.M.D
942 _2udc
_cBK
999 _c18864
_d18864